00296 a2200109 450000500170000002000180001708200150003510000160005024500270006626000470009330000460014020250611043520.0 a9987-617-41-7 a657.45 MWI aM.A. Mwisho aThe Basics of Auditing bResearch and Publications Departmentc2004 aviii,171p.:ill.;figuresbReferencesc20cm